000 00380 a2200145 4500
999 _c5412
_d5412
020 _a070699924X
050 _aQC174 MAJ 1995
100 _aMajumdar S. Datta
_eAuthor
245 _aQuantum Mechanics :
_cS Dutta Majumdar
264 _aNew Delhi
_bVikas Publishing House
_c1995
300 _a554p.
500 _aIncludes index
650 _aMechanics
942 _2lcc
_cBK
_h174
_iMAJ
_kQC